000 00369nam a2200145Ia 4500
008 231129s2000||||xx |||||||||||||| ||spa||
020 _a970-102-655-1
040 _bspa
082 _a621.815 N887d
100 _aNorton Robert L.
245 0 _aDiseƱo de maquinaria
260 _c2000
264 _aMcGraw-Hill
942 _2ddc
_cBKS
999 _c9677
_d9677